Určenie počtu abecied polyalfabetickej šifry

Salvato in:
Dettagli Bibliografici
Autore principale: Jančík, Matej (Autore)
Altri autori: Kollár, Jozef (Relatore della tesi)
Natura: Manoscritto Libro
Lingua:slovacco
Pubblicazione: Bratislava : STU v Bratislave FEI, 2024
Soggetti:
Accesso online:https://opac.crzp.sk/?fn=detailBiblioFormChildMPEGK&sid=A6A9937D4AB687F47DC88DA9E4AF&seo=CRZP-detail-kniha
Tags: Aggiungi Tag
Nessun Tag, puoi essere il primo ad aggiungerne!!

MARC

LEADER 00000ntm a22000003a 4500
001 stuzp97393
003 SK-STU
005 20250403135843.0
007 ta
008 150427s2015----xo-----f-mn---000-0-slo-d
040 |a STU  |b slo 
041 0 |a slo 
044 |a xo 
100 1 |a Jančík, Matej  |u 035000  |4 aut  |U FEI Fakulta elektrotechniky a informatiky  |T FEI Ústav informatiky a matematiky  |X 115325  |U E050  |Y 816  |7 115325 
242 0 1 |a Determining of the number of used alphabets in polyalphabetic ciphers  |y eng 
245 1 0 |a Určenie počtu abecied polyalfabetickej šifry 
260 |a Bratislava :  |b STU v Bratislave FEI,  |c 2024 
300 |a 65 s. 
650 4 |a dĺžka kľúča  |2 slo 
650 4 |a metódy na získanie dĺžky kľúča  |2 slo 
650 4 |a polyalfabetické šifry  |2 slo 
650 4 |a length of key  |2 eng 
650 4 |a methods to determine length of key  |2 eng 
650 4 |a polyalphabetic ciphers  |2 eng 
700 1 |a Kollár, Jozef  |u 035000  |k Z1  |4 ths  |U FEI Fakulta elektrotechniky a informatiky  |T FEI Ústav informatiky a matematiky  |X 794  |U E050  |Y 816  |7 A000000794 
856 4 |u https://opac.crzp.sk/?fn=detailBiblioFormChildMPEGK&sid=A6A9937D4AB687F47DC88DA9E4AF&seo=CRZP-detail-kniha